000 00336pab a2200133 454500
008 180718b2004 xxu||||| |||| 00| 0 eng d
100 _aStevens, Dennis J.
245 _aOrigins of police officer stress before and after 9/11
260 _c2004
300 _ap.145-73.
650 _aPolice
773 _aPolice Journal
909 _a62474
999 _c62474
_d62474